Football Premier League Players first names (Hard) - Statistics

General Stats
  • This quiz has been taken 106 times
  • The average score is 8 of 20
Answer Stats
Last Name Club Answer % Correct
Haaland Manchester City Erling
90%
Szoboszlai Liverpool Dominik
74%
Dubravka Newcastle United Martin
57%
Zinchenko Arsenal Oleksandr
56%
Traore Fulham Adama
55%
Amrabat Manchester United Sofyan
55%
Kamara Aston Villa Boubacar
52%
Udogie Tottenham Hotspur Destiny
46%
Chukwuemeka Chelsea Carney
37%
Palmieri West Ham United Emerson
37%
Aina Nottingham Forest Ola
36%
Archer Sheffield United Cameron
33%
Verbruggen Brighton Bart
30%
Doucoure Crystal Palace Cheick
27%
Kilman Wolverhampton Wanderers Maximilian
25%
Mykolenko Everton Vitaliy
15%
Roerslev Brentford Mads
13%
Ruddock Luton Town Pelly
10%
Zabarnyi Bournemouth Illia
8%
Ekdal Burnley Hjalmar
6%
No matching quizzes found
Score Distribution
Percent of People with Each Score
Percentile by Number Answered
Your Score History
You have not taken this quiz